Risālah-ʼi tawz̤īḥ al-masāʼil. (Record no. 50757)

MARC details
000 -LEADER
fixed length control field 00649cam a22002411 4500
001 - CONTROL NUMBER
control field ne 68003343
003 - CONTROL NUMBER IDENTIFIER
control field DLC
005 - DATE AND TIME OF LATEST TRANSACTION
control field 20260227111846.0
008 - FIXED-LENGTH DATA ELEMENTS--GENERAL INFORMATION
fixed length control field 890514q19601968xx 000 0 per
010 ## - LIBRARY OF CONGRESS CONTROL NUMBER
LC control number ne 68003343
035 ## - SYSTEM CONTROL NUMBER
System control number (OCoLC)23546649
040 ## - CATALOGING SOURCE
Original cataloging agency DLC
Transcribing agency MiU
Modifying agency DLC
042 ## - AUTHENTICATION CODE
Authentication code premarc
050 00 - LIBRARY OF CONGRESS CALL NUMBER
Classification number BP194.2
Item number .T32
100 1# - MAIN ENTRY--PERSONAL NAME
Personal name Burūjirdī, Ḥusayn al-Ṭabāṭabāʼī,
Dates associated with a name 1875-1961.
245 10 - TITLE STATEMENT
Title Risālah-ʼi tawz̤īḥ al-masāʼil.
260 ## - PUBLICATION, DISTRIBUTION, ETC.
Date of publication, distribution, etc. [196-?]
300 ## - PHYSICAL DESCRIPTION
Extent 592, 32 p.
Dimensions 25 cm.
500 ## - GENERAL NOTE
General note Romanized.
650 #0 - SUBJECT ADDED ENTRY--TOPICAL TERM
Topical term or geographic name entry element Shiites
650 #0 - SUBJECT ADDED ENTRY--TOPICAL TERM
Topical term or geographic name entry element Islam
General subdivision Customs and practices.
740 0# - ADDED ENTRY--UNCONTROLLED RELATED/ANALYTICAL TITLE
Uncontrolled related/analytical title Tazz̤īḥ al-masāʼil.

No items available.

Powered by Koha